000 00481nam a2200169 i 4500
001 61776
003 ES-MaACL
005 20230906164535.0
007 t|
008 031113s1977 sp ||||1| cat d
100 1 _aFarreras, Antonio.
_948894
245 1 0 _aDe la Setmana trágica a la implantació del franquisme /
_cAntoni Farreras.
250 _a[1ª ed.].
260 _a[Barcelona] :
_bPáortic,
_c[1977]
300 _a366 p. ;
_c20 cm.
852 _aES-MaACL
_jA-6579
_bR.95433
999 _c61776
_d61776